| 000 | 00525nam a22001817a 4500 | ||
|---|---|---|---|
| 005 | 20250429093519.0 | ||
| 008 | 250429b |||||||| |||| 00| 0 eng d | ||
| 020 | _a9781403992772 | ||
| 037 | _cReference | ||
| 040 |
_aSDCL _cSDCL |
||
| 041 |
_2eng _aeng |
||
| 084 | _am3,M P8 RR | ||
| 100 |
_aTurner, Barry Ed. _9753349 |
||
| 245 |
_aStatesman's yearbook 2008 : _bThe politics, cultures and economics of the world |
||
| 260 |
_aNew York : _bPalgrave Macmillan, _c2008. |
||
| 300 | _axxviii,1565p. | ||
| 942 |
_2CC _cREF _n0 |
||
| 999 |
_c1309695 _d1309695 |
||